Rang and Dale's Pharmacology (Record no. 5698)

MARC details
000 -LEADER
fixed length control field 00532nam a22002057a 4500
003 - CONTROL NUMBER IDENTIFIER
control field OSt
005 - DATE AND TIME OF LATEST TRANSACTION
control field 20170321132932.0
008 - FIXED-LENGTH DATA ELEMENTS--GENERAL INFORMATION
fixed length control field 170321b xxu||||| |||| 00| 0 eng d
020 ## - INTERNATIONAL STANDARD BOOK NUMBER
International Standard Book Number 9781437719338
040 ## - CATALOGING SOURCE
Transcribing agency DMLN
082 ## - DEWEY DECIMAL CLASSIFICATION NUMBER
Classification number QV38 P49p 2012
100 ## - MAIN ENTRY--PERSONAL NAME
Personal name Rang, H.P. [et...al]
9 (RLIN) 11864
245 ## - TITLE STATEMENT
Title Rang and Dale's Pharmacology
250 ## - EDITION STATEMENT
Edition statement 7th ed.
260 ## - PUBLICATION, DISTRIBUTION, ETC. (IMPRINT)
Place of publication, distribution, etc. Edinburgh; Elsevier, 2012
300 ## - PHYSICAL DESCRIPTION
Extent xxii,777p; col.ill: 28cm
504 ## - BIBLIOGRAPHY, ETC. NOTE
Bibliography, etc Appendix, & index included
650 ## - SUBJECT ADDED ENTRY--TOPICAL TERM
Topical term or geographic name as entry element Pharmacology
9 (RLIN) 357
942 ## - ADDED ENTRY ELEMENTS (KOHA)
Source of classification or shelving scheme Other/Generic Classification Scheme
Koha item type Short Loan
Holdings
Withdrawn status Lost status Source of classification or shelving scheme Damaged status Not for loan Home library Current library Date acquired Source of acquisition Inventory number Total Checkouts Full call number Barcode Date last seen Koha item type Total Renewals Date last checked out
    Other/Generic Classification Scheme     MUST Main Library MUST Main Library 10/10/2018   14/34195 4 QV38 P49p 2012 2018-0387 14/03/2022 Open Shelf 1 28/02/2022
    Other/Generic Classification Scheme     Pharmacy Department Library Pharmacy Department Library 21/03/2017   11/00218   QV38 P49p 2012 2017-0432 21/03/2017 Short Loan    
    Other/Generic Classification Scheme     Pharmacy Department Library Pharmacy Department Library 10/10/2018   11/00217   QV38 P49p 2012 2018-0391 10/10/2018 Short Loan